| 000 | 01031na a2200289 4500 | ||
|---|---|---|---|
| 001 | 15653 | ||
| 003 | MIRAKIL | ||
| 005 | 20181213155114.0 | ||
| 008 | 161011b tu 000 0 | ||
| 020 | _a9757217336 | ||
| 035 | _a15653 | ||
| 040 |
_aMilas _btur _cTR-AnCHP |
||
| 041 | _atur | ||
| 082 |
_a323.09561 2001 _bT53i 2002 |
||
| 090 | _a323.09561 2001 T53i 2002 | ||
| 110 | _aTürkiye İnsan Hakları Vakfı (TİHV) | ||
| 245 |
_a2001 Türkiye insan hakları raporu _cTürkiye İnsan Hakları Vakfı |
||
| 246 | _aTürkiye insan hakları raporu | ||
| 260 |
_aAnkara _bTürkiye İnsan Hakları Vakfı Yayınları _c2002 |
||
| 300 |
_avii, 438 s. _c30 sm. |
||
| 490 |
_aTürkiye İnsan Hakları Vakfı yayınları _v28 |
||
| 650 |
_aİnsan hakları _xRaporlar _y2001 _zTürkiye |
||
| 650 |
_aİnsan hakları ihlali _xRaporlar _xYıllıklar _y2001 _zTürkiye |
||
| 650 |
_aHak ve özgürlükler _xRaporlar _xYıllıklar _y2001 _zTürkiye |
||
| 650 |
_aMedeni haklar _xRaporlar _xYıllıklar _y2001 _zTürkiye |
||
| 942 |
_2ddc _cBKS |
||
| 999 |
_c6651 _d6651 |
||